00648nam a2200241 a 4500001001300000003000900013005001700022008004100039020000800080082001400088100002000102245002100122260003500143300000900178500003500187505001000222650001400232700002000246902000800266942000700274952011000281999001500391nice12345678IN_TiNIC20260116011806.0050524s1971 lona grp 000 0 eng  ac600a234bSMI2 aSmith, Oswald J aSalvation of God aLondonbMarshal Brothersc1971 a128p aincludes index and biblioraphy2 aIndex aSalvation1 aSmith, Oswald J bSRS cBK 001040708StackRoom-aHMIbHMId2009-09-16g6.00l0o234 SMI2p07352r2009-09-16v6.00w2005-05-24yBK c3996d3996